| 000 | 00342cam a2200133ua 4500 | ||
|---|---|---|---|
| 020 | _a9788121911146 | ||
| 082 |
_a670 _bSHA/TE |
||
| 100 | _aSharma, P.C . | ||
| 245 | _aText book of production technology (Manufacturing processes) / | ||
| 250 | _a6 / | ||
| 260 |
_aNew Delhi : _bS.Chand and Co , _c2007. |
||
| 300 | _a815 ; . | ||
| 942 | _cBK | ||
| 999 |
_c13394 _d13394 |
||